000 00840nam a22002417a 4500
003 UA-OsUOA
001 48140
007 ta
008 20121216b un ||||| |||| 00| 0 ukr d
100 _aСрібняк І.
090 _a94(477).154
_bС75
942 _cBK
040 _aUA-OsUOA
_bukr
_cUA-OsUOA
_dUA-OsUOA
245 _aПолонені українці в Австро-Угорщині та Німеччині (1914-1920 рр.)
300 _a296 с.
955 _a4
041 _aukr
080 _a94(477).154
260 _aК.
_bКиївський державний лінгвістичний університет
_c1999
650 7 _a9 Географія. Біографії. Історія
_2UDC
999 _c428242
_d428242